The comparison of rice producttion technogogy in saang district, ការប្រៀធៀបបច្ចេកទេសផលិតកម្មស្រូវប្រាំង នៅស្រុកស្អាង (Record no. 2879)

000 -LEADER
fixed length control field 00581nam a22001577a 4500
003 - CONTROL NUMBER IDENTIFIER
control field OSt
005 - DATE AND TIME OF LATEST TRANSACTION
control field 20151031155723.0
008 - FIXED-LENGTH DATA ELEMENTS--GENERAL INFORMATION
fixed length control field 151031b xxu||||| |||| 00| 0 eng d
040 ## - CATALOGING SOURCE
Transcribing agency RUA
082 ## - DEWEY DECIMAL CLASSIFICATION NUMBER
Classification number AGR SAR 2007 B034 Or.1
100 ## - MAIN ENTRY--PERSONAL NAME
9 (RLIN) 3089
Personal name SAR, KAKADA.
245 ## - TITLE STATEMENT
Title The comparison of rice producttion technogogy in saang district, ការប្រៀធៀបបច្ចេកទេសផលិតកម្មស្រូវប្រាំង នៅស្រុកស្អាង
260 ## - PUBLICATION, DISTRIBUTION, ETC. (IMPRINT)
Place of publication, distribution, etc. Phnom Penh
Name of publisher, distributor, etc. RUA
Date of publication, distribution, etc. 2007
300 ## - PHYSICAL DESCRIPTION
Extent xvi; 49cm.
Other physical details ill.
Dimensions 29cm.
942 ## - ADDED ENTRY ELEMENTS (KOHA)
Source of classification or shelving scheme
Koha item type AGR
Holdings
Price effective from Date last seen Permanent Location Not for loan Date acquired Source of classification or shelving scheme Koha item type Lost status Withdrawn status Date last checked out Total Checkouts Shelving location Damaged status Barcode Current Location Full call number
2015-10-312024-02-08Library Block B 2015-10-31 AGR  2024-01-091B034 RUA030440Library Block BAGR SAR 2007 B034 Or.1
មជ្ឈមណ្ឌលឯការនៃសាកលវិទ្យាល័យភូមិន្ទកសិកម្មចំការដូង

Powered by Koha